000 00290nam a22001337a 4500
008 180302b xxu||||| |||| 00| 0 eng d
020 _a9780465026838
041 _aeng
080 _a32
100 _a20
101 _aPOL
245 _aGovernment by choice
_cCaughey,E.P
942 _2udc
_cBK
999 _c43991
_d43991